Comparison of seventh and ninth grade girls on level of aspiration and performance in strength and endurance tasks /

Bibliographic Details
Main Author: Patterson, Linda S.
Format: Thesis Book
Language:English
Published: [Place of publication not identified] : [publisher not identified] ; 1975.
Subjects:

MARC

Tag First Indicator Second Indicator Subfields
LEADER 00000cam a2200000 i 4500
001 in00000665263
005 20151015080220.0
008 770503r19771975orua bb 00010 eng d
035 |a (OCoLC)02938155 
035 |9 ACX6061AM 
040 |a KUK  |c KUK  |d TXA  |d UtOrBLW 
049 |a TXAI 
099 |a fiche  |a C  |a 1590 
100 1 |a Patterson, Linda S. 
245 1 0 |a Comparison of seventh and ninth grade girls on level of aspiration and performance in strength and endurance tasks /  |c by Linda S. Patterson. 
264 1 |a [Place of publication not identified] :  |b [publisher not identified] ;  |c 1975. 
300 |a viii, 71 leaves :  |b illustrations 
336 |a text  |b txt  |2 rdacontent 
337 |a microform  |b h  |2 rdamedia 
338 |a microfiche  |b he  |2 rdacarrier 
500 |a Vita. 
500 |a Microfiche (negative) of typescript. Eugene : Microform Publications, College of Health, Physical Education and Recreation, University of Oregon, 1977. -- 1 sheet ; 10.5 x 14.8 cm. 
502 |b M.S.  |c Louisiana State University. 
504 |a Bibliography: leaves 53-56. 
500 |a Microform. 
650 0 |a Level of aspiration. 
650 0 |a Physical fitness for women. 
650 0 |a Physical fitness  |x Testing. 
650 0 |a Girls. 
999 |a MARS 
999 f f |s ffcf7c64-1993-37e5-84f2-6c17786f31aa  |i 304290d0-31c9-31a8-ac73-f79ec5266354  |t 0 
952 f f |p normal  |a Texas A&M University  |b College Station  |c Sterling C. Evans Library  |d Evans: Microforms (3rd floor)  |t 0  |e fiche C 1590  |h Other scheme  |i microform -- microfiche  |m A14820672824 
998 f f |a fiche C 1590  |t 0  |l Evans: Microforms (3rd floor)